000 00734nam a2200193 4500
001 85597
003 BD-RjUL
005 20250831105556.0
008 250831s1967 pk ||||| |||| 00| 0 urd d
035 _a(BD-RjUL)85597
040 _aBD-RjUL
_beng
_cBD-RjUL
041 _aurd
082 _223
_a891.4391
_bSUQ 1967
245 _aقصائد ذوق / Qaṣāʼid-i Z̲auq /
_c:مرتّبۀ ڈاکٹر سر شاه محمد سلىمان., ذوق، شىخ محمد ابراهىم،,-, author (Author), سلىمان، شاه محمد، Shāh Muḥammad Sulaimān., Shaik̲h̲ Muḥammad Ibrāhīm Z̲auq
260 _aKarachi :
_bاردو اکیڈمی ,
_c1967
300 _a164 p. ;
_c21 cm
650 _aUrdu poetry
942 _2ddc
_cBK
999 _c85597
_d85597